| 000 | 00561nam a22001817i 4500 | ||
|---|---|---|---|
| 999 |
_c23552 _d23552 |
||
| 003 | AR-CdUCM | ||
| 008 | 260330b20232023pe ||||| |||| 00| 0 spa d | ||
| 020 | _a978-612-49162-8-1 | ||
| 040 |
_aMUNICIPALIDAD PROVINCIAL DEL CUSCO _cBIBLIOTECA MUNICIPAL DEL CUSCO |
||
| 041 | _hspa | ||
| 082 |
_aPI / 372.7 _bS21 |
||
| 100 |
_aSanta Maria, Carlos _952392 |
||
| 245 |
_aCuenta y canta : _bNúmeros y rimas para niños / |
||
| 260 |
_aPerú : _bNectandra Ediciones _c2023 |
||
| 300 |
_a47 páginas. : _c20x19,5 cm. |
||
| 942 |
_2ddc _cLIBROS |
||
| 945 |
_aesh _d30-03-2026 |
||